Paises de Europa sin litoral - Estadísticas

Estadísticas generales
  • Esta prueba ha sido intentada 64 veces
  • La puntuación promedio es 14 de 15
Estadísticas de respuestas
País % Correcto
Suiza
100%
Austria
96%
Luxemburgo
96%
Andorra
95%
Ciudad del Vaticano
95%
Eslovaquia
95%
Serbia
95%
Liechtenstein
93%
Hungría
91%
San Marino
91%
Bielorrusia
89%
República Checa
89%
Kosovo
88%
Macedonia del Norte
88%
Moldavia
84%
No se encontraron pruebas coincidentes
Distribución de puntuación
Porcentaje de gente con cada puntuación
Porcentaje por número respondido
Historial de tus puntuaciones
No has intentado esta prueba.